Five Biggest Producing Countries By Product #1 - Statistics

General Stats
  • This quiz has been taken 5,951 times
    4,629 since last reset
  • The average score is 22 of 30
Answer Stats
Rank Country % Correct
Oil (1), Oranges (2), Platinum (5), Movies (3), Tobacco (4), Motors (2), Copper (4) United States
100%
Oranges (4), Bananas (1), Movies (1), Tobacco (3), Sugarcane (2) India
98%
Oil (4), Oranges (3), Tobacco (1), Motors (1), Sugarcane (3), Copper (2) China
97%
Oranges (1), Tobacco (2), Sugarcane (1) Brazil
95%
Olive Oil (2) Italy
95%
Movies (4), Motors (3) Japan
94%
Oil (3), Platinum (2) Russia
94%
Oil (2) Saudi Arabia
93%
Olive Oil (1) Spain
93%
Motors (4) Germany
92%
Movies (5) France
91%
Oranges (5) Mexico
89%
Oil (5), Platinum (4) Canada
88%
Olive Oil (3) Greece
87%
Tobacco (5) Indonesia
82%
Movies (2) Nigeria
80%
Motors (5) South Korea
80%
Olive Oil (4) Turkey
77%
Platinum (1) South Africa
74%
Copper (1) Chile
71%
Copper (3) Peru
70%
Sugarcane (5) Pakistan
68%
Sugarcane (4) Thailand
66%
Bananas (4) Philippines
56%
Copper (5) DR of Congo
55%
Bananas (5) Ecuador
48%
Olive Oil (5) Tunisia
32%
Platinum (3) Zimbabwe
25%
Bananas (3) Uganda
23%
Bananas (2) Chad
22%
No matching quizzes found
Score Distribution
Percent of People with Each Score
Percentile by Number Answered
Your Score History
You have not taken this quiz since the last reset